000 00751nam a2200277Ia 4500
008 160216s9999 xx 000 0 und d
020 _a0-323-02359-2
050 _aMAIN RM 300
050 _b.C53 2004
100 _aClayton, Bruce D.
245 _aBasic pharmacology for nurses /
245 _cBruce D. Clayton, Yvonne N. Stock.
260 _aSt. Louis, Missouri :
260 _bMosby.
260 _c2004
300 _a776 pages :
300 _bcol. ill. ;
300 _c28 cm.
500 _aIncludes bibliographical references and index.
650 _aDrug therapy --
650 _aNursing.
650 _aPharmacology --
650 _aPharmacology.
650 _xNurses' instruction.
650 _xNurses' instruction.
999 _c290900
_d290900